00451pab a2200157 454500008004000000100002300040245008800063260000900151300001700160362000800177650001200185650001700197700002400214700002000238773003500258180718b2012 xxu||||| |||| 00| 0 eng d aSalois, Matthew J. aImpact of income on nutrient intakes: Implications for undernourishment and obesity c2012 ap.1716-1730. aDec aObesity aMalnutrition aBalcombe, Kelvin G. aTiffin, Richard aJournal of Development Studies